000 00834cam a22002655a 4500
001 12453204
005 20170427143428.0
008 010626s2000 enka frb f001 0deng d
020 _a0192854070
020 _a9780192854070
040 _aDLC
_cDLC
_dDLC
_dEG-ScBUE
_beng
082 0 4 _a320.1092
_222
_bSKI
100 1 _aSkinner, Quentin.
245 1 0 _aMachiavelli :
_ba very short introduction /
_cQuentin Skinner.
260 _aOxford ;
_aNew York :
_bOxford University Press,
_c2000.
300 _a110 p. :
_bill. ;
_c18 cm.
490 0 _aVery short introductions ;
_v31
500 _aIndex : p. 107-110.
504 _aBibliography : p. 101-106.
600 1 7 _aMachiavelli, Niccolò,
_d1469-1527.
_933417
650 7 _aPolitical scientists
_vBiography.
_2BUEsh
651 _2BUEsh
653 _bHHUUPPSS
_cApril2017
942 _2ddc
999 _c24733
_d24705